[Event "4NCL/Div4/HC vs. PPA2"]
[Site "Sunningdale ENG"]
[Date "2007.02.11"]
[Round "6.5"]
[White "Foord, Dominic"]
[Black "Taylor, Robert K"]
[Result "1-0"]
[WhiteElo "1905"]
[BlackElo "2117"]
[PlyCount "57"]
[EventDate "2007.02.11"]
[EventType "team"]
[EventRounds "11"]
[EventCountry "ENG"]

1. d4 d5 2. c4 e5 3. dxe5 d4 4. a3 Nc6 5. e3 dxe3 6. Qxd8+ Kxd8 7. Bxe3 Nxe5 8.
Nf3 f6 9. Nc3 Bg4 10. Nxe5 fxe5 11. h3 Be6 12. O-O-O+ Kc8 13. Nb5 a6 14. Na7+
Rxa7 15. Bxa7 b6 16. c5 Kb7 17. cxb6 Be7 18. bxc7 Kxa7 19. Bc4 Bg5+ 20. f4
Bxf4+ 21. Kb1 Bf5+ 22. Ka1 Ne7 23. Rd8 Ng6 24. Bf7 Bg5 25. Bxg6 Bxd8 26. cxd8=Q
Rxd8 27. Bxf5 g6 28. Be4 Rd4 29. Re1 1-0

[Event "4NCL/Div4/HC vs. PPA2"]
[Site "Sunningdale ENG"]
[Date "2007.02.11"]
[Round "6.6"]
[White "Jeffries, Majid"]
[Black "Alcock, Graham P"]
[Result "1-0"]
[WhiteElo "2014"]
[BlackElo "1935"]
[PlyCount "77"]
[EventDate "2007.02.11"]
[EventType "team"]
[EventRounds "11"]
[EventCountry "ENG"]

1. d4 d5 2. Nf3 Nf6 3. g3 Nc6 4. Bg2 h6 5. O-O Bg4 6. b3 e6 7. Bb2 Bd6 8. c4
O-O 9. Nc3 Re8 10. Nb5 Bf8 11. Ne5 Bf5 12. cxd5 exd5 13. Rc1 a6 14. Nxc6 bxc6
15. Nc3 Qd7 16. Na4 Re6 17. Nc5 Bxc5 18. Rxc5 Ne4 19. Ra5 Nd6 20. e3 Nb5 21.
Qd2 Nd6 22. f3 Nb7 23. Ra4 c5 24. dxc5 Nxc5 25. Qd4 f6 26. Qxc5 Rc6 27. Qd4 Re8
28. Ra5 Be6 29. Rc5 Rd6 30. Rfc1 Rc8 31. Qc3 d4 32. exd4 c6 33. f4 Rd8 34. Rxc6
Bg4 35. Rxd6 Qxd6 36. Qc7 Qf8 37. Qc4+ Kh8 38. h3 Bf5 39. Qc5 1-0

[Event "4NCL/Div4/MONM vs. CONQ1"]
[Site "Sunningdale ENG"]
[Date "2007.02.11"]
[Round "6.1"]
[White "Sully, David"]
[Black "Prizant, Michael"]
[Result "1/2-1/2"]
[WhiteElo "2135"]
[BlackElo "2140"]
[PlyCount "33"]
[EventDate "2007.02.11"]
[EventType "team"]
[EventRounds "11"]
[EventCountry "ENG"]

1. e4 c5 2. Nf3 g6 3. c3 Bg7 4. d4 cxd4 5. cxd4 d5 6. exd5 Nf6 7. Bb5+ Nbd7 8.
d6 exd6 9. Qe2+ Qe7 10. Qxe7+ Kxe7 11. O-O Nb6 12. Re1+ Be6 13. Nc3 h6 14. Bd2
Rhd8 15. Bd3 g5 16. h3 Kf8 17. b3 1/2-1/2

[Event "4NCL/Div4/MONM vs. CONQ1"]
[Site "Sunningdale ENG"]
[Date "2007.02.11"]
[Round "6.2"]
[White "Archer-Lock, Christopher"]
[Black "Thomas, Joseff"]
[Result "1-0"]
[WhiteElo "2065"]
[BlackElo "2028"]
[Annotator "Armstrong,Malcolm"]
[PlyCount "62"]
[EventDate "2007.02.11"]
[EventType "team"]
[EventRounds "11"]
[EventCountry "ENG"]

1. d4 Nf6 2. c4 g6 3. Nc3 Bg7 4. Nf3 O-O 5. Bf4 d6 6. e3 Nbd7 7. h3 c5 8. Be2
h6 9. O-O Nh7 10. Qd2 f5 11. d5 g5 12. Bh2 Ndf6 13. Bd3 h5 14. Qc2 Ne8 15. g4
hxg4 16. hxg4 Rf6 17. gxf5 Rh6 18. Bg3 g4 19. Nh2 Nef6 20. Qe2 Rxh2 21. Kxh2
Ng5 22. Kg2 a6 23. a4 b6 24. Rh1 Bb7 25. e4 Nf3 26. Qe3 Rb8 27. Bf4 Nd7 28. Be2
Bd4 29. Qc1 e6 30. Bxf3 exf5 31. Bxg4 fxg4 {(43)} 1-0

[Event "4NCL/Div4/MONM vs. CONQ1"]
[Site "Sunningdale ENG"]
[Date "2007.02.11"]
[Round "6.3"]
[White "Davis, Lee"]
[Black "Foster, James C"]
[Result "1-0"]
[WhiteElo "2015"]
[BlackElo "1914"]
[PlyCount "87"]
[EventDate "2007.02.11"]
[EventType "team"]
[EventRounds "11"]
[EventCountry "ENG"]

1. d4 d5 2. g3 e6 3. Bg2 c5 4. Nf3 Nc6 5. O-O Nf6 6. c4 dxc4 7. Qa4 cxd4 8.
Nxd4 Qxd4 9. Bxc6+ bxc6 10. Qxc6+ Qd7 11. Qxa8 Bc5 12. Nc3 O-O 13. Qf3 Bb7 14.
e4 Bb4 15. Qd1 Qd3 16. Qxd3 cxd3 17. f3 Bc5+ 18. Kg2 Ba6 19. Bd2 Nd7 20. Na4
Bd4 21. Bc3 Bxc3 22. Nxc3 Ne5 23. Kf2 Rd8 24. Rfd1 g5 25. h3 Rb8 26. b3 Rc8 27.
Rac1 d2 28. Rxd2 Nd3+ 29. Rxd3 Bxd3 30. Ne2 Rxc1 31. Nxc1 Ba6 32. a4 Kf8 33.
Ke3 e5 34. Nd3 f6 35. b4 Bc4 36. b5 Ke7 37. Kd2 Kd6 38. Kc3 Be6 39. g4 a5 40.
bxa6 Bc8 41. Nb4 Kc5 42. a7 Bb7 43. Nd5 h6 44. a5 1-0

[Event "4NCL/Div4/MONM vs. CONQ1"]
[Site "Sunningdale ENG"]
[Date "2007.02.11"]
[Round "6.4"]
[White "Lee, Jia Shen"]
[Black "Waterfield, John"]
[Result "0-1"]
[WhiteElo "1930"]
[BlackElo "2039"]
[PlyCount "110"]
[EventDate "2007.02.11"]
[EventType "team"]
[EventRounds "11"]
[EventCountry "ENG"]

1. d4 Nf6 2. c4 c5 3. e3 g6 4. Nf3 Bg7 5. Bd3 d5 6. O-O O-O 7. Nbd2 cxd4 8.
exd4 Nc6 9. Re1 Re8 10. Qb3 dxc4 11. Qxc4 Be6 12. Qa4 a6 13. Ne4 b5 14. Qd1
Nxd4 15. Bg5 Rc8 16. Nxd4 Qxd4 17. Qe2 Nxe4 18. Bxe4 Qxb2 19. Qxb2 Bxb2 20.
Rab1 Bc3 21. Re2 Bc4 22. Rc2 b4 23. g4 Rc5 24. Be3 Ra5 25. Rxb4 Bxb4 26. Rxc4
Bd6 27. a4 Rb8 28. Bd4 e5 29. Bc3 Rc5 30. Rxc5 Bxc5 31. Kg2 Bd4 32. Be1 Kf8 33.
h4 Ke7 34. h5 Ke6 35. hxg6 hxg6 36. g5 Rc8 37. Bd3 Bc3 38. Bxc3 Rxc3 39. Bxa6
Kf5 40. Bb5 Kxg5 41. Bd7 Ra3 42. Be8 f6 43. Kf1 Ra2 44. Kg2 f5 45. Kf3 Ra3+ 46.
Ke2 Kf6 47. Bc6 e4 48. Be8 g5 49. Bc6 Ke5 50. Bd7 f4 51. Bc6 Kd4 52. Bb5 e3 53.
fxe3+ Rxe3+ 54. Kf2 Kc5 55. Be2 Rxe2+ 0-1

[Event "4NCL/Div4/MONM vs. CONQ1"]
[Site "Sunningdale ENG"]
[Date "2007.02.11"]
[Round "6.5"]
[White "Thomas, Jac"]
[Black "Winchcombe, Andrew"]
[Result "1/2-1/2"]
[WhiteElo "1932"]
[BlackElo "1895"]
[PlyCount "81"]
[EventDate "2007.02.11"]
[EventType "team"]
[EventRounds "11"]
[EventCountry "ENG"]

1. e4 e6 2. b3 d5 3. Bb2 Nf6 4. e5 Nfd7 5. Nf3 c5 6. c3 Nc6 7. Bb5 Qc7 8. Qe2
Be7 9. O-O O-O 10. d4 a6 11. Bd3 b5 12. a3 c4 13. bxc4 bxc4 14. Bc2 Rb8 15. Bc1
Na5 16. Ng5 Bxg5 17. Bxg5 f6 18. Qh5 f5 19. Be7 Rb2 20. Bxf8 Nxf8 21. Qd1 Ng6
22. f4 Nb3 23. Bxb3 cxb3 24. Rf2 Rxf2 25. Kxf2 Qc4 26. Nd2 Qxc3 27. Nxb3 Nxf4
28. Ra2 Nd3+ 29. Kg1 Nf4 30. Kh1 Qe3 31. Qc1 Qxb3 32. Qxc8+ Kf7 33. Rc2 Qxa3
34. Qc7+ Kg6 35. Qc3 Qxc3 36. Rxc3 Ne2 37. Rd3 a5 38. Rd2 Nc1 39. Rd1 Nb3 40.
Rd3 a4 41. g3 1/2-1/2

[Event "4NCL/Div4/MONM vs. CONQ1"]
[Site "Sunningdale ENG"]
[Date "2007.02.11"]
[Round "6.6"]
[White "Cork, David J"]
[Black "Smith, Richard W"]
[Result "1/2-1/2"]
[WhiteElo "1960"]
[BlackElo "1995"]
[PlyCount "39"]
[EventDate "2007.02.11"]
[EventType "team"]
[EventRounds "11"]
[EventCountry "ENG"]

1. e4 e5 2. Nf3 Nc6 3. Bb5 a6 4. Ba4 Nf6 5. O-O Nxe4 6. d4 b5 7. Bb3 d5 8. dxe5
Be6 9. c3 Be7 10. Re1 O-O 11. h3 Qd7 12. Nbd2 Nc5 13. Bc2 d4 14. cxd4 Nxd4 15.
Nxd4 Qxd4 16. Qe2 Rfd8 17. Qh5 g6 18. Qh6 Qh4 19. Qe3 Qd4 20. Qh6 1/2-1/2

[Event "4NCL/Div4/KSP vs. CELT"]
[Site "Sunningdale ENG"]
[Date "2007.02.11"]
[Round "6.1"]
[White "Harley-Yeo, Gareth"]
[Black "Hoffmann, Hendrik"]
[Result "1/2-1/2"]
[WhiteElo "2075"]
[BlackElo "2330"]
[PlyCount "61"]
[EventDate "2007.02.11"]
[EventType "team"]
[EventRounds "11"]
[EventCountry "ENG"]

1. d4 Nf6 2. c4 g6 3. Nc3 Bg7 4. e4 d6 5. Nge2 O-O 6. Ng3 e5 7. d5 Ng4 8. h3
Nh6 9. Be2 f5 10. exf5 Nxf5 11. Nge4 Na6 12. h4 Nxh4 13. Bg5 Nxg2+ 14. Kd2 Qe8
15. Qg1 Nf4 16. Qh2 h5 17. Rag1 Nc5 18. Qh4 Nxe4+ 19. Nxe4 Qf7 20. Bd1 b5 21.
b3 Rb8 22. Be7 bxc4 23. bxc4 Bf5 24. Bxf8 Bxe4 25. Bxg7 Bxh1 26. Bf6 Be4 27.
Bb3 Rf8 28. Be7 Ng2 29. Qxe4 Qxf2+ 30. Kc3 Rf5 31. Qxg2 1/2-1/2

[Event "4NCL/Div4/KSP vs. CELT"]
[Site "Sunningdale ENG"]
[Date "2007.02.11"]
[Round "6.2"]
[White "Kemp, Peter D"]
[Black "Davies, Matthew"]
[Result "1-0"]
[WhiteElo "2192"]
[BlackElo "1960"]
[PlyCount "83"]
[EventDate "2007.02.11"]
[EventType "team"]
[EventRounds "11"]
[EventCountry "ENG"]

1. d4 d5 2. c4 dxc4 3. e3 Nf6 4. Bxc4 e6 5. Nf3 c5 6. Nc3 a6 7. a4 Nc6 8. O-O
cxd4 9. exd4 Nb4 10. Re1 Be7 11. Qb3 O-O 12. Bg5 Nc6 13. Qd1 Nd5 14. Bxd5 exd5
15. Bxe7 Nxe7 16. Qb3 h6 17. Ne5 Qd6 18. a5 Be6 19. Na4 Nc6 20. Qb6 Rad8 21.
Nxc6 Qxc6 22. Qxc6 bxc6 23. Rac1 Rd6 24. Re3 Rc8 25. Rb3 Rc7 26. Rb8+ Kh7 27.
Rb6 Bc8 28. Nc5 Rg6 29. f3 Rf6 30. Kf2 Re7 31. Re1 Rxe1 32. Kxe1 Rf4 33. Rb4 g5
34. Ke2 g4 35. Ke3 gxf3 36. gxf3 Rh4 37. Rb8 Bf5 38. Nxa6 Rxh2 39. Nc5 Rh1 40.
a6 Ra1 41. Kf4 Bh3 42. Rb3 1-0

[Event "4NCL/Div4/KSP vs. CELT"]
[Site "Sunningdale ENG"]
[Date "2007.02.11"]
[Round "6.3"]
[White "Zhu, Yao Yao"]
[Black "Thomas, Robert K"]
[Result "1-0"]
[WhiteElo "2000"]
[BlackElo "2137"]
[PlyCount "61"]
[EventDate "2007.02.11"]
[EventType "team"]
[EventRounds "11"]
[EventCountry "ENG"]

1. e4 e6 2. d4 d5 3. exd5 exd5 4. Bd3 Bd6 5. h3 Ne7 6. Nf3 O-O 7. O-O Bf5 8.
Re1 Bxd3 9. Qxd3 Nd7 10. b3 Re8 11. c4 c6 12. Nc3 Nf8 13. c5 Bc7 14. b4 a6 15.
a4 Nfg6 16. g3 Qd7 17. Kg2 Nf8 18. Bd2 h6 19. b5 axb5 20. axb5 b6 21. cxb6 Bxb6
22. Ne5 Qb7 23. Rxa8 Rxa8 24. Qf3 cxb5 25. Qxf7+ Kh8 26. Ng4 Nfg6 27. Bxh6 Bxd4
28. Re5 Bxe5 29. Nxe5 d4+ 30. Kh2 gxh6 31. Nxg6+ 1-0

[Event "4NCL/Div4/KSP vs. CELT"]
[Site "Sunningdale ENG"]
[Date "2007.02.11"]
[Round "6.4"]
[White "Haldane, Robin"]
[Black "Spencer, Doug"]
[Result "1-0"]
[WhiteElo "2122"]
[BlackElo "1970"]
[PlyCount "107"]
[EventDate "2007.02.11"]
[EventType "team"]
[EventRounds "11"]
[EventCountry "ENG"]

1. e4 e5 2. Nf3 Nf6 3. Nxe5 d6 4. Nf3 Nxe4 5. Qe2 Qe7 6. d3 Nf6 7. Bg5 Qxe2+ 8.
Bxe2 Be7 9. Nc3 c6 10. O-O-O O-O 11. Ne4 Nbd7 12. Rhe1 d5 13. Nxf6+ Nxf6 14.
Bf1 Bd6 15. Bxf6 gxf6 16. h3 Bf5 17. Nd4 Bd7 18. g3 Bc5 19. c3 Rfe8 20. Kd2 Kg7
21. f4 Kg6 22. g4 Bxd4 23. cxd4 h5 24. Be2 hxg4 25. hxg4 Rh8 26. Rh1 f5 27. g5
f6 28. gxf6 Kxf6 29. Rdg1 Rag8 30. Rxg8 Rxg8 31. Rh6+ Rg6 32. Rh8 Be6 33. Rf8+
Bf7 34. Ra8 a6 35. Ra7 Rg2 36. Ke3 b5 37. Rxa6 Be8 38. Bf3 Rxb2 39. Bxd5 Rc2
40. Bb3 Rb2 41. d5 Ke7 42. dxc6 Kd6 43. d4 Bh5 44. d5 Re2+ 45. Kd3 Re4 46. Ra7
Be8 47. a4 Rxf4 48. axb5 Rb4 49. Bc4 f4 50. Kc3 Kc5 51. Bd3 Rd4 52. Re7 Bh5 53.
c7 Bg4 54. Re6 1-0

[Event "4NCL/Div4/KSP vs. CELT"]
[Site "Sunningdale ENG"]
[Date "2007.02.11"]
[Round "6.5"]
[White "Parry, Matthew"]
[Black "French, Angus"]
[Result "1/2-1/2"]
[WhiteElo "1677"]
[BlackElo "2105"]
[PlyCount "114"]
[EventDate "2007.02.11"]
[EventType "team"]
[EventRounds "11"]
[EventCountry "ENG"]

1. d4 d5 2. Nf3 Nf6 3. e3 Bf5 4. c4 c6 5. Nc3 e6 6. a3 Bd6 7. Bd3 Bxd3 8. Qxd3
O-O 9. e4 dxe4 10. Nxe4 Nxe4 11. Qxe4 Nd7 12. O-O Nf6 13. Qh4 c5 14. dxc5 Bxc5
15. b4 Be7 16. Bb2 a5 17. b5 Qd3 18. Qd4 Rfd8 19. Qxd3 Rxd3 20. Nd4 Rd8 21. Nc2
Rd2 22. Rac1 Ne4 23. Bd4 Bxa3 24. Nxa3 R2xd4 25. b6 Nc5 26. Nb5 Rd3 27. Ra1 a4
28. f3 Kf8 29. Ra2 Ke7 30. Rc1 Kd7 31. Nc3 Kc6 32. Nxa4 Nxa4 33. Rxa4 Rd1+ 34.
Rxd1 Rxd1+ 35. Kf2 Kxb6 36. Rb4+ Kc6 37. Ke2 Rg1 38. Kf2 Rc1 39. g4 b6 40. h4
Kc5 41. Rb5+ Kc6 42. Rb4 Rc3 43. Ke2 f6 44. Kf2 e5 45. h5 Ra3 46. Kg2 Ra6 47.
g5 fxg5 48. Kg3 Kc5 49. Rb5+ Kd6 50. Kg4 Ra4 51. Rxb6+ Kc7 52. Re6 Rxc4+ 53.
Kxg5 Rc5 54. Kf5 Kd7 55. Ra6 Rc7 56. Ra5 Ke7 57. Rxe5+ Kf7 1/2-1/2

[Event "4NCL/Div4/KSP vs. CELT"]
[Site "Sunningdale ENG"]
[Date "2007.02.11"]
[Round "6.6"]
[White "Josse, Mark"]
[Black "Griffiths, Hywel"]
[Result "1/2-1/2"]
[WhiteElo "2080"]
[BlackElo "1619"]
[PlyCount "106"]
[EventDate "2007.02.11"]
[EventType "team"]
[EventRounds "11"]
[EventCountry "ENG"]

1. e4 c5 2. Nf3 Nc6 3. Nc3 g6 4. Bb5 Bg7 5. Bxc6 bxc6 6. d3 d6 7. h3 Nf6 8. O-O
O-O 9. Bg5 Kh8 10. Ne2 Bd7 11. Ng3 Qc8 12. c3 Ng8 13. Qd2 f5 14. exf5 Bxf5 15.
Rfe1 Bxh3 16. Bxe7 Nxe7 17. Rxe7 Rxf3 18. gxf3 Qf8 19. Qe2 Bf6 20. Re3 Bg5 21.
Re1 Bd7 22. Re7 Bxe7 23. Qxe7 Re8 24. Qxf8+ Rxf8 25. Kg2 d5 26. c4 Re8 27.
Rxe8+ Bxe8 28. Ne2 Kg7 29. Nc3 Bf7 30. b3 Kf6 31. f4 Ke6 32. Kf3 h5 33. Na4 Kd6
34. Kg3 Be6 35. Kh4 Bf5 36. Nb2 Kc7 37. Kg5 Kb6 38. Na4+ Ka5 39. a3 Bxd3 40.
cxd5 cxd5 41. Nxc5 Bc2 42. Ne6 Kb6 43. b4 a5 44. Nd4 Bd3 45. Kh4 axb4 46. axb4
Kc7 47. Kg5 Kd6 48. Kh4 Ke7 49. Kg5 Kf7 50. Kh4 Kf6 51. Kg3 g5 52. fxg5+ Kxg5
53. f4+ Kf6 1/2-1/2

[Event "4NCL/Div4/ANGA vs. CAMB2"]
[Site "Sunningdale ENG"]
[Date "2007.02.11"]
[Round "6.1"]
[White "Player, Edmund C"]
[Black "Spencer, Carl"]
[Result "1-0"]
[WhiteElo "2142"]
[BlackElo "2030"]
[PlyCount "125"]
[EventDate "2007.02.11"]

1. e4 e6 2. d4 d5 3. Nd2 Nf6 4. e5 Nfd7 5. c3 c5 6. Bd3 Nc6 7. Ne2 cxd4 8. cxd4
Qb6 9. Nf3 f6 10. exf6 Nxf6 11. O-O Bd6 12. Nc3 Bd7 13. Be3 O-O 14. a3 Be8 15.
Ne5 a5 16. Na4 Qa7 17. Rc1 Bxe5 18. dxe5 d4 19. Nc5 dxe3 20. exf6 Rxf6 21. fxe3
Ne5 22. Rxf6 gxf6 23. Be4 Qb6 24. Qb3 Qxb3 25. Nxb3 Bc6 26. Bxc6 Nxc6 27. Nc5
Nd8 28. Nd7 Nc6 29. Nxf6+ Kf7 30. Ne4 Ke7 31. Rc5 e5 32. Kf2 Ra6 33. Rb5 b6 34.
Nc3 Kd6 35. Nd5 Nb8 36. Rxb6+ Rxb6 37. Nxb6 Kc5 38. Nc8 Kc4 39. Nd6+ Kb3 40.
Kf3 Nc6 41. Ke4 Kxb2 42. Kd5 Ne7+ 43. Ke6 Nc6 44. Nb5 a4 45. Kd6 Na7 46. Nxa7
Kxa3 47. Kc5 Kb3 48. Nb5 Kc2 49. Kd5 Kb3 50. g4 Kb4 51. Kc6 Kc4 52. h4 Kd3 53.
g5 Ke4 54. h5 Kf5 55. g6 hxg6 56. hxg6 Kxg6 57. Kd5 Kf5 58. e4+ Kf4 59. Na3 Ke3
60. Kxe5 Kd3 61. Kd5 Kc3 62. Kc5 Kb3 63. Nb5 1-0

[Event "4NCL/Div4/ANGA vs. CAMB2"]
[Site "Sunningdale ENG"]
[Date "2007.02.11"]
[Round "6.2"]
[White "Cooley, Oliver"]
[Black "White, Russell P"]
[Result "1-0"]
[WhiteElo "2105"]
[BlackElo "2210"]
[PlyCount "75"]
[EventDate "2007.02.11"]

1. e4 e5 2. Nf3 Nc6 3. Nc3 Bc5 4. Nxe5 Nxe5 5. d4 Bb4 6. dxe5 Qe7 7. Bf4 d6 8.
exd6 Qxe4+ 9. Qe2 Nf6 10. O-O-O Bxc3 11. bxc3 Be6 12. Qxe4 Nxe4 13. dxc7 O-O
14. Rd4 Nxc3 15. Bd6 Rfc8 16. Bc4 b5 17. Kd2 Bxc4 18. Kxc3 Bxa2 19. Ra1 Be6 20.
Ra6 f6 21. Kb4 Kf7 22. Kxb5 Re8 23. Bc5 Bf5 24. Rxa7 Rac8 25. c3 h5 26. Bb6 g5
27. Ra2 Re5+ 28. Kb4 Re6 29. Ba5 Ra8 30. Rad2 Rea6 31. Rd5 Be6 32. Rc5 Ke7 33.
Rd8 Bc8 34. Rb5 h4 35. Rb8 Rxa5 36. Rdxc8 Ra4+ 37. Kb3 Ra3+ 38. Kc2 1-0

[Event "4NCL/Div4/ANGA vs. CAMB2"]
[Site "Sunningdale ENG"]
[Date "2007.02.11"]
[Round "6.3"]
[White "Gregory, Stephen J"]
[Black "Gallagher, Ian G"]
[Result "1-0"]
[WhiteElo "2137"]
[BlackElo "2005"]
[PlyCount "69"]
[EventDate "2007.02.11"]

1. e4 e5 2. Bc4 Nf6 3. Qe2 Nc6 4. Nf3 Be7 5. c3 d6 6. d3 h6 7. Nbd2 O-O 8. Nf1
Na5 9. Bb5 a6 10. Ba4 b5 11. Bc2 c5 12. Ng3 Nh7 13. O-O Qc7 14. Be3 Be6 15. Nd2
Bg5 16. f4 Bxf4 17. Bxf4 exf4 18. Rxf4 d5 19. Rf2 Rae8 20. Qh5 d4 21. cxd4 cxd4
22. Nb3 Nxb3 23. Bxb3 Bxb3 24. axb3 Re5 25. Qd1 Rc5 26. b4 Rc6 27. Nf5 Rd8 28.
Qg4 Rg6 29. Qf4 Qxf4 30. Ne7+ Kh8 31. Nxg6+ fxg6 32. Rxf4 Rd6 33. Rc1 Ng5 34.
Rc8+ Kh7 35. Rff8 1-0

[Event "4NCL/Div4/ANGA vs. CAMB2"]
[Site "Sunningdale ENG"]
[Date "2007.02.11"]
[Round "6.4"]
[White "Gooding, Ian"]
[Black "Wallis, Ian"]
[Result "0-1"]
[WhiteElo "2018"]
[BlackElo "2075"]
[PlyCount "70"]
[EventDate "2007.02.11"]

1. e4 e5 2. Nf3 Nc6 3. Nc3 Nf6 4. Bb5 Bd6 5. d3 O-O 6. Ne2 Re8 7. Bg5 h6 8. Bh4
Bf8 9. O-O d6 10. h3 Bd7 11. c3 a6 12. Ba4 g5 13. Bg3 Ne7 14. Bc2 Ng6 15. Re1
Bg7 16. Qb1 Nh5 17. d4 Qf6 18. Nh2 Nhf4 19. Bxf4 gxf4 20. Nf3 Nh4 21. Nxh4 Qxh4
22. Qd1 f3 23. gxf3 Bxh3 24. d5 Kh8 25. Ng3 Rg8 26. f4 Bf6 27. Qd3 Qxf4 28. Re3
Rg6 29. Bd1 Qh4 30. Be2 Rag8 31. Bf1 Bg5 32. Rf3 Bf4 33. Bxh3 Qxh3 34. Qf1 Qh4
35. Qe2 Bxg3 0-1

[Event "4NCL/Div4/ANGA vs. CAMB2"]
[Site "Sunningdale ENG"]
[Date "2007.02.11"]
[Round "6.5"]
[White "Ruthen, Steven"]
[Black "Gibbs, Dominic"]
[Result "1-0"]
[WhiteElo "2110"]
[BlackElo "1956"]
[PlyCount "55"]
[EventDate "2007.02.11"]

1. f4 g6 2. Nf3 Bg7 3. e4 c6 4. Be2 d5 5. e5 c5 6. d4 b6 7. c3 Bg4 8. Ng5 Bxe2
9. Qxe2 e6 10. Be3 h6 11. Nf3 c4 12. a4 Nc6 13. Nbd2 Nge7 14. Bf2 Qd7 15. O-O
h5 16. b3 cxb3 17. Nxb3 Rc8 18. h3 Bh6 19. Qd2 O-O 20. Bh4 Rc7 21. Bf6 Rfc8 22.
g4 h4 23. Qf2 Kf8 24. Qxh4 Ng8 25. g5 Bg7 26. Qh7 Bxf6 27. exf6 Nce7 28. Ne5
1-0

[Event "4NCL/Div4/ANGA vs. CAMB2"]
[Site "Sunningdale ENG"]
[Date "2007.02.11"]
[Round "6.6"]
[White "Kreuzer, Christopher"]
[Black "Gray, Mark S"]
[Result "0-1"]
[WhiteElo "1990"]
[BlackElo "2083"]
[PlyCount "104"]
[EventDate "2007.02.11"]

1. e4 e5 2. Nf3 Nc6 3. d4 exd4 4. Bc4 Nf6 5. O-O Nxe4 6. Re1 d5 7. Bxd5 Qxd5 8.
Nc3 Qa5 9. Nxe4 Be6 10. Neg5 O-O-O 11. Nxe6 fxe6 12. Rxe6 Bd6 13. Bg5 Rdf8 14.
Qd2 Qd5 15. Re2 h6 16. Bh4 Rxf3 17. gxf3 Ne5 18. Rxe5 Bxe5 19. Qd3 Rf8 20. Qe4
Qxe4 21. fxe4 Rf4 22. Bg3 Rxe4 23. f3 Re3 24. Kf2 Bf6 25. Re1 Rxe1 26. Kxe1 c5
27. a4 a6 28. b3 b5 29. axb5 axb5 30. Ke2 c4 31. bxc4 bxc4 32. f4 Kc7 33. Kf3
Kc6 34. Ke4 Kb5 35. Bf2 d3 36. cxd3 c3 37. Be3 c2 38. d4 Kc4 39. d5 Kc3 40. Bc1
Kb3 41. d6 Ka2 42. d7 Kb1 43. Bd2 c1=Q 44. Bxc1 Kxc1 45. Kf5 Kd2 46. Kg6 Ke3
47. f5 Kf3 48. Kh5 Kg2 49. h4 Kg3 50. Kg6 Kxh4 51. d8=Q Bxd8 52. Kxg7 Kg5 0-1

[Event "4NCL/Div4/OXF2 vs. SCS1"]
[Site "Sunningdale ENG"]
[Date "2007.02.11"]
[Round "6.1"]
[White "Hackett, David G"]
[Black "Lutton, E Josiah"]
[Result "1-0"]
[WhiteElo "2150"]
[BlackElo "2086"]
[PlyCount "53"]
[EventDate "2007.02.11"]
[EventType "team"]
[EventRounds "11"]
[EventCountry "ENG"]

1. e4 e6 2. d4 d5 3. e5 c5 4. c3 Nc6 5. Nf3 Bd7 6. Bd3 cxd4 7. cxd4 Qb6 8. O-O
Nxd4 9. Nxd4 Qxd4 10. Nc3 Qb6 11. Qe2 Ne7 12. Bf4 Ng6 13. Bg3 Be7 14. Kh1 Bh4
15. Bxh4 Nxh4 16. f4 g6 17. Nb5 Nf5 18. g4 Ne3 19. Nd6+ Kf8 20. f5 d4 21. fxg6
Bc6+ 22. Kg1 f5 23. gxf5 hxg6 24. fxg6+ Ke7 25. Rf7+ Kd8 26. g7 Rg8 27. Qh5 1-0

[Event "4NCL/Div4/OXF2 vs. SCS1"]
[Site "Sunningdale ENG"]
[Date "2007.02.11"]
[Round "6.2"]
[White "Heard, Andrew H"]
[Black "Starkie, Ray"]
[Result "0-1"]
[WhiteElo "1985"]
[BlackElo "2150"]
[PlyCount "104"]
[EventDate "2007.02.11"]
[EventType "team"]
[EventRounds "11"]
[EventCountry "ENG"]

1. d4 Nf6 2. c4 g6 3. Nc3 Bg7 4. e4 d6 5. Be2 O-O 6. Bg5 Na6 7. h4 e5 8. dxe5
dxe5 9. Qxd8 Rxd8 10. Nd5 Rd6 11. Nxf6+ Bxf6 12. Bxf6 Rxf6 13. Rd1 Rd6 14. Rxd6
cxd6 15. Nf3 Nc5 16. Nd2 a5 17. b3 Ra6 18. O-O Rb6 19. Rb1 Kf8 20. f3 f5 21.
Kf2 Bd7 22. g3 Bc6 23. Ke3 Ne6 24. Bd3 f4+ 25. Kf2 Nc5 26. Bf1 fxg3+ 27. Kxg3
Ra6 28. Kf2 Ra8 29. Ke3 Ne6 30. Rb2 Kg7 31. Nb1 Rf8 32. Nc3 Nd4 33. Rf2 Rf4 34.
Ne2 Nxe2 35. Rxe2 Kf7 36. h5 Bxe4 37. fxe4 Rxf1 38. hxg6+ hxg6 39. Rd2 Ke6 40.
Rd5 a4 41. bxa4 Rc1 42. Rb5 Rxc4 43. Rxb7 Rxa4 44. Rb2 Ra3+ 45. Kf2 g5 46. Rd2
g4 47. Re2 Kf6 48. Kg2 Kg5 49. Rd2 Kf4 50. Rxd6 Rxa2+ 51. Kg1 Kxe4 52. Rg6 Kf3
0-1

[Event "4NCL/Div4/OXF2 vs. SCS1"]
[Site "Sunningdale ENG"]
[Date "2007.02.11"]
[Round "6.3"]
[White "Scott, David A"]
[Black "Sathyanandha, Saravanan"]
[Result "1-0"]
[WhiteElo "2110"]
[BlackElo "1918"]
[PlyCount "75"]
[EventDate "2007.02.11"]
[EventType "team"]
[EventRounds "11"]
[EventCountry "ENG"]

1. Nf3 d5 2. c4 d4 3. b4 c5 4. g3 Nd7 5. Bg2 e5 6. bxc5 Bxc5 7. d3 Ne7 8. O-O
O-O 9. Ba3 Nc6 10. Nfd2 Qe7 11. Qc1 f5 12. Nb3 Bb4 13. Bxb4 Nxb4 14. N1d2 a5
15. a3 Nc6 16. Rb1 a4 17. Na1 Nc5 18. Nc2 e4 19. Nb4 Qe5 20. f4 Qe8 21. Nxc6
bxc6 22. Qb2 exd3 23. Qxd4 dxe2 24. Rfe1 Qe7 25. Bxc6 Rd8 26. Rxe2 Be6 27. Bd5
Ra6 28. Rb5 Rc6 29. Qe3 Rc7 30. Rxc5 Qxc5 31. Qxc5 Rxc5 32. Rxe6 Kf8 33. Kf2 g6
34. Ke3 Rc7 35. Ra6 Re7+ 36. Kd3 Re1 37. Nf3 Rf1 38. Ke2 1-0

[Event "4NCL/Div4/OXF2 vs. SCS1"]
[Site "Sunningdale ENG"]
[Date "2007.02.11"]
[Round "6.4"]
[White "Sathyanandha, Senthuran"]
[Black "Ludbrook, Matt"]
[Result "1-0"]
[WhiteElo "1920"]
[BlackElo "2058"]
[PlyCount "69"]
[EventDate "2007.02.11"]
[EventType "team"]
[EventRounds "11"]
[EventCountry "ENG"]

1. e4 e6 2. d3 d5 3. Nd2 c5 4. Ngf3 Nc6 5. g3 Bd6 6. Bg2 Nge7 7. O-O O-O 8. Re1
Qc7 9. Qe2 Ng6 10. h4 f6 11. Nf1 Bd7 12. c3 Rae8 13. Be3 b6 14. a3 Kh8 15. N3h2
d4 16. Bd2 e5 17. Qh5 f5 18. Nf3 Nce7 19. Ng5 h6 20. exf5 Bxf5 21. Ne4 Kg8 22.
g4 Bxe4 23. Bxe4 Nf4 24. Bxf4 exf4 25. g5 Qd7 26. gxh6 g6 27. Bxg6 Nxg6 28.
Qxg6+ Kh8 29. Rxe8 Rxe8 30. Qf6+ Kh7 31. Nh2 Rg8+ 32. Kh1 Rg6 33. Qxg6+ Kxg6
34. Rg1+ Kxh6 35. Ng4+ 1-0

[Event "4NCL/Div4/OXF2 vs. SCS1"]
[Site "Sunningdale ENG"]
[Date "2007.02.11"]
[Round "6.5"]
[White "Morris, Graham"]
[Black "Lutton, J Arnold"]
[Result "1-0"]
[WhiteElo "2035"]
[BlackElo "1901"]
[PlyCount "129"]
[EventDate "2007.02.11"]
[EventType "team"]
[EventRounds "11"]
[EventCountry "ENG"]

1. e4 e6 2. d3 d5 3. Nd2 c5 4. Ngf3 Nc6 5. g3 Nf6 6. Bg2 Be7 7. O-O O-O 8. Re1
Qc7 9. e5 Nd7 10. Qe2 Re8 11. Nf1 f6 12. exf6 Bxf6 13. Ne3 Re7 14. Ng4 e5 15.
Nd2 Qd6 16. c3 Nb6 17. Nf1 Bf5 18. Nxf6+ gxf6 19. Ne3 Bg6 20. Qg4 Rg7 21. Nf5
Qd7 22. Nh6+ Kh8 23. Qxd7 Rxd7 24. Bh3 Rc7 25. Nf5 Rd8 26. Bh6 d4 27. c4 Na4
28. Re2 Nb4 29. Rd2 a6 30. b3 Nc3 31. a3 Nc6 32. Re1 Na5 33. Rb2 b5 34. Bd2 b4
35. axb4 cxb4 36. Ra1 Rc5 37. f3 Ra8 38. Kf2 Ra7 39. g4 Bxf5 40. gxf5 Rg7 41.
Kf1 Ra7 42. Bh6 Nb7 43. Bf8 a5 44. Ke1 Kg8 45. Bxc5 Nxc5 46. Kd2 a4 47. bxa4 b3
48. a5 N3a4 49. Rxa4 Nxa4 50. Rxb3 Rxa5 51. Ra3 Nc5 52. Rxa5 Nb3+ 53. Ke2 Nxa5
54. f4 Nc6 55. Kf3 Kf7 56. Ke4 exf4 57. Kxf4 Ke7 58. c5 Kd7 59. Ke4 Kc7 60. Kd5
Kd7 61. Kc4 Kc7 62. Bg2 Ne7 63. Be4 Nc6 64. Bxc6 Kxc6 65. Kxd4 1-0